[Event "38th Olympiad w"]
[Site "Dresden GER"]
[Date "2008.11.16"]
[Round "4"]
[White "Gloria,S"]
[Black "Jelica,M"]
[Result "0-1"]
[WhiteElo "1562"]
[BlackElo "2205"]
[EventDate "2008.11.13"]

1. d4 Nf6 2. Nf3 d5 3. c4 e6 4. Nbd2 Be7 5. Qc2 O-O 6. b3 b6 7. g3 Bb7 8.
Bg2 dxc4 9. bxc4 c5 10. Bb2 cxd4 11. O-O Nc6 12. Nxd4 Nxd4 13. Qd1 Bxg2 14.
Kxg2 Qd7 15. f3 Rfd8 16. h3 Nxe2 17. Nb3 Qxd1 18. Raxd1 Bb4 19. a3 Bc3 20.
Ba1 Bxa1 21. Rxa1 Nd4 22. Nxd4 Rxd4 23. c5 bxc5 24. Rf2 c4 25. Rc2 Nd5 26.
Kf2 Rb8 27. Re2 g6 28. g4 Rb3 29. h4 Rf4 30. Rc1 Rbxf3+ 31. Ke1 Rxg4 32. h5
Rg1+ 33. Kd2 Rd3+ 34. Kc2 Rc3+ 35. Kb2 Rcxc1 36. Rc2 Rb1+ 37. Ka2 Ra1+ 0-1

[Event "38th Olympiad w"]
[Site "Dresden GER"]
[Date "2008.11.16"]
[Round "4"]
[White "Cramling,P"]
[Black "Al Khelaifi,S"]
[Result "1-0"]
[WhiteElo "2550"]
[BlackElo "1707"]
[EventDate "2008.11.13"]

1. d4 d5 2. c4 e6 3. Nc3 Nf6 4. Bg5 Nbd7 5. cxd5 exd5 6. e3 c6 7. Bd3 Be7
8. Qc2 O-O 9. Nf3 Re8 10. h3 Nf8 11. Bf4 b6 12. O-O Bb7 13. Rad1 Bd6 14.
Bxd6 Qxd6 15. Ne5 c5 16. f4 cxd4 17. exd4 Ne4 18. Bxe4 dxe4 19. Nxe4 Bxe4
20. Qxe4 f6 21. Qc6 Rad8 22. Qc4+ Qd5 23. Qxd5+ Rxd5 24. Nc6 a5 25. Rf3 Kf7
26. Rb3 Nd7 27. Kf2 Rc8 28. Rc1 Re8 29. Kf3 h6 30. a4 g5 31. Re3 Rxe3+ 32.
Kxe3 gxf4+ 33. Kxf4 Nf8 34. Ke4 Rg5 35. Rc2 Ne6 36. Rf2 Nf8 37. Ne5+ Ke7
38. Ng4 Nd7 39. Nxh6 b5 40. Nf5+ Ke6 41. axb5 Nb6 42. Rc2 Nd7 43. Rc6+ Kf7
44. g4 a4 45. b6 Rg8 46. Nh6+ Ke8 1-0

[Event "38th Olympiad w"]
[Site "Dresden GER"]
[Date "2008.11.16"]
[Round "4"]
[White "Soondarsingh,A"]
[Black "Wijesuriya,GV"]
[Result "0-1"]
[WhiteElo "1867"]
[BlackElo "1937"]
[EventDate "2008.11.13"]

1. e4 c5 2. Nf3 Nc6 3. d4 cxd4 4. c3 d5 5. exd5 Qxd5 6. Be2 Nf6 7. cxd4 e6
8. O-O a6 9. Nc3 Qd8 10. Bg5 Be7 11. a3 O-O 12. Rc1 Ne8 13. Bxe7 Nxe7 14.
Ne5 f6 15. Nf3 b5 16. Bd3 Bb7 17. Qe2 Nc7 18. Bb1 Ned5 19. Qc2 f5 20. Ne5
Nf4 21. Ne2 Ncd5 22. Ng3 Nxg2 23. Nc6 Ndf4 24. Rfd1 Qg5 25. Qd2 Rac8 26. d5
exd5 27. Ba2 Bxc6 28. Rxc6 Rcd8 29. Rc5 Nh4 30. Kh1 Qg4 31. Rc3 Rfe8 32.
Re1 Rxe1+ 33. Qxe1 Qh3 34. Qg1 Re8 35. Nh5 Qg2+ 36. Qxg2 Nhxg2 37. Nxf4
Nxf4 38. Re3 Rd8 39. Rf3 g5 40. h4 h6 41. hxg5 hxg5 42. Re3 Kf7 43. Kg1 Kf6
44. f3 d4 45. Re1 Rc8 46. Bb1 d3 47. Kf2 d2 48. Rd1 Rc1 49. Rxd2 Rxb1 50.
Rd6+ Ke5 51. Rd2 Rxb2 0-1

[Event "38th Olympiad w"]
[Site "Dresden GER"]
[Date "2008.11.16"]
[Round "4"]
[White "Smith,Ja"]
[Black "Perera,A"]
[Result "0-1"]
[WhiteElo "2001"]
[BlackElo "1828"]
[EventDate "2008.11.13"]

1. e4 e5 2. Nf3 Nc6 3. Bc4 Bc5 4. c3 Qf6 5. a4 a5 6. d3 d6 7. h3 Nge7 8.
Qb3 O-O 9. h4 h6 10. Be3 Bxe3 11. fxe3 Qg6 12. Rg1 Qg3+ 13. Ke2 Ng6 14.
Nbd2 Nxh4 15. Nxh4 Qxh4 16. Raf1 Qh5+ 17. Ke1 Nd8 18. d4 Qg5 19. Rf3 Bg4
20. Rg3 Qh4 21. Nf1 exd4 22. cxd4 Be6 23. d5 Bd7 24. Qc3 f6 25. Bd3 c6 26.
dxc6 Bxc6 27. Qc4+ Nf7 28. Kd2 Qh5 29. Qe6 Qe5 30. Qxe5 Nxe5 31. Bb1 Bxa4
32. Ba2+ Kh8 33. Bd5 Rac8 34. b3 Bc6 35. Nh2 Bxd5 36. exd5 Rc5 37. e4 Rfc8
38. Nf3 Rc2+ 39. Ke3 R2c3+ 40. Kf4 Rxb3 41. Ra1 Nxf3 42. gxf3 b6 43. Kf5
Re8 44. Rag1 Re7 45. Kg6 Rc3 46. Rb1 Rb7 47. Kf5 b5 48. Ke6 Rb6 49. Kf7
Rc7+ 50. Ke6 a4 51. Ra1 Kg8 52. f4 Kf8 53. Rb1 b4 54. e5 Re7+ 55. Kf5 fxe5
56. fxe5 Rxe5+ 57. Kg4 Rxd5 58. Re3 Re5 59. Rf3+ Ke7 60. Rf4 d5 61. Kf3 Re4
62. Rxe4+ dxe4+ 63. Kxe4 b3 64. Rg1 g5 65. Re1 Re6+ 0-1

[Event "38th Olympiad w"]
[Site "Dresden GER"]
[Date "2008.11.16"]
[Round "4"]
[White "Blackburn,Su"]
[Black "Ptacnikova,L"]
[Result "0-1"]
[WhiteElo "1883"]
[BlackElo "2237"]
[EventDate "2008.11.13"]

1. d4 Nf6 2. Nf3 e6 3. Bg5 h6 4. Bh4 d6 5. Nbd2 Nbd7 6. e4 g5 7. Bg3 Nh5 8.
Bd3 Bg7 9. c3 Nxg3 10. hxg3 Qe7 11. Ng1 c5 12. Ne2 b6 13. Qa4 Bb7 14. Ba6
Bxa6 15. Qxa6 O-O 16. O-O-O d5 17. exd5 exd5 18. Qd3 Nf6 19. Rde1 Rfe8 20.
f3 Rac8 21. Kb1 Rc6 22. Rhf1 Re6 23. Rf2 Nh5 24. Nf1 cxd4 25. cxd4 f5 26.
a3 f4 27. g4 Ng3 28. Nfxg3 fxg3 29. Rff1 Rxe2 30. Rc1 Qe3 0-1

[Event "38th Olympiad w"]
[Site "Dresden GER"]
[Date "2008.11.16"]
[Round "4"]
[White "Owens,M"]
[Black "Thorsteinsdottir,H"]
[Result "0-1"]
[WhiteElo "1783"]
[BlackElo "1915"]
[EventDate "2008.11.13"]

1. d4 Nf6 2. c4 g6 3. Nc3 d5 4. cxd5 Nxd5 5. Qb3 Nb6 6. e3 Bg7 7. Nf3 O-O
8. Bd2 Be6 9. Qc2 Bf5 10. e4 Bg4 11. Be3 Bxf3 12. gxf3 Nc6 13. d5 Ne5 14.
Be2 e6 15. f4 Nec4 16. Bc5 Re8 17. b3 Nd6 18. e5 Nxd5 19. Nxd5 exd5 20.
Bxd6 cxd6 21. Rd1 dxe5 22. fxe5 Rxe5 23. Kf1 Rc8 24. Qd2 d4 25. Bg4 Rc7 26.
h4 Re4 27. f3 Qf6 28. Kg2 Re3 29. h5 Rec3 30. Rc1 d3 31. Kh3 gxh5 32. Bxh5
Qe6+ 33. Bg4 f5 34. Bh5 f4+ 35. Bg4 Qh6+ 36. Kg2 Qxh1+ 37. Rxh1 Rc2 38. Rd1
Rxd2+ 39. Rxd2 Rc2 40. Rf2 Bd4 0-1

[Event "38th Olympiad w"]
[Site "Dresden GER"]
[Date "2008.11.16"]
[Round "4"]
[White "Pulpan,O"]
[Black "Rojas,Mo"]
[Result "1-0"]
[WhiteElo "1682"]
[BlackElo "1689"]
[EventDate "2008.11.13"]

1. d4 Nf6 2. Nf3 g6 3. g3 b6 4. Bg2 Bb7 5. O-O Bg7 6. c4 O-O 7. Nc3 d6 8.
Bd2 c5 9. dxc5 dxc5 10. Qc2 Nc6 11. Rfd1 e6 12. Bf4 Qc8 13. Nb5 Ne8 14. Qc1
a6 15. Nc3 Nf6 16. Bh6 Rd8 17. Rxd8+ Qxd8 18. Bxg7 Kxg7 19. e3 Qc7 20. Qe1
Rd8 21. Rd1 Rd7 22. Rxd7 Qxd7 23. Qd2 Qxd2 24. Nxd2 Nd8 25. Nde4 Nxe4 26.
Bxe4 Bxe4 27. Nxe4 Nc6 28. b3 a5 29. Kg2 Ne5 30. f4 Nd7 31. Kf3 h5 32. h3
f5 33. Nc3 Kf6 34. e4 Kf7 35. exf5 exf5 36. Nd5 Ke6 37. a3 Kf7 38. g4 hxg4+
39. hxg4 Ke6 40. gxf5+ gxf5 41. Ke3 Kd6 42. Kd3 Ke6 43. Kc3 Kd6 44. b4 a4
45. b5 Ke6 46. Kd3 Kd6 47. Nc3 Nf6 48. Nxa4 Kc7 49. Nc3 Ne8 50. Nd5+ Kb7
51. a4 Nd6 52. Ne3 Ne4 53. Nxf5 Nf2+ 54. Ke3 Nd1+ 55. Ke4 Kc7 56. Ke5 Nc3
57. Nd6 1-0

[Event "38th Olympiad w"]
[Site "Dresden GER"]
[Date "2008.11.16"]
[Round "4"]
[White "Sciortino,Mar"]
[Black "Alderete,J"]
[Result "0-1"]
[WhiteElo "2005"]
[BlackElo "1524"]
[EventDate "2008.11.13"]

1. d4 d5 2. e3 Nf6 3. Bd3 e6 4. f4 Be7 5. Nf3 c5 6. c3 O-O 7. O-O Nc6 8.
Nbd2 b6 9. e4 dxe4 10. Nxe4 cxd4 11. Ne5 Bb7 12. Nxf6+ Bxf6 13. Be4 Qc7 14.
cxd4 Rfd8 15. Be3 Nxe5 16. Bxb7 Qxb7 17. fxe5 Bxe5 18. Qg4 Bd6 19. Rf2 e5
20. Raf1 Rd7 21. Bh6 g6 22. dxe5 Bc5 23. Qf4 Bxf2+ 24. Rxf2 Rd1+ 25. Rf1
Rxf1+ 26. Qxf1 Qc6 27. h3 Qc5+ 28. Kh1 Qxe5 29. Qf2 Re8 30. Kg1 Qe1+ 31.
Qf1 Qxf1+ 32. Kxf1 f6 33. Bf4 Kf7 34. Kf2 Rc8 35. Kf3 Rc2 36. Bb8 a6 37. b4
Rxa2 38. Bc7 a5 39. b5 a4 40. Bxb6 Rb2 41. Bd4 0-1

[Event "38th Olympiad w"]
[Site "Dresden GER"]
[Date "2008.11.16"]
[Round "4"]
[White "Mona,K"]
[Black "Al Jelda,F"]
[Result "1-0"]
[WhiteElo "1967"]
[BlackElo "1857"]
[EventDate "2008.11.13"]

1. d4 Nf6 2. Nf3 g6 3. e3 Bg7 4. c4 d6 5. Nc3 O-O 6. b3 c5 7. Bb2 cxd4 8.
exd4 d5 9. Ne5 Nc6 10. Nxc6 bxc6 11. c5 e5 12. dxe5 Nd7 13. f4 Re8 14. b4
Nxe5 15. fxe5 Bxe5 16. Be2 Bxc3+ 17. Bxc3 Bg4 18. Qd4 Rxe2+ 19. Kf1 f6 20.
Qxg4 Re4 21. Qf3 Qc7 22. g3 Rae8 23. Kf2 Re3 24. Qxf6 Rf8 25. Qxf8+ Kxf8
26. Kxe3 Qe7+ 27. Kf2 Qe4 28. Rhf1 Kg8 29. Rad1 Qc2+ 30. Bd2 Qb2 31. Kg1
Qd4+ 32. Rf2 h6 33. Re1 Qxd2 34. Ra1 1-0

[Event "38th Olympiad w"]
[Site "Dresden GER"]
[Date "2008.11.16"]
[Round "4"]
[White "Mir Mahmoud,A"]
[Black "Alaa el Din,Y"]
[Result "1-0"]
[WhiteElo "2024"]
[BlackElo "1959"]
[EventDate "2008.11.13"]

1. d4 e6 2. c4 f5 3. g3 Nf6 4. Bg2 Be7 5. Nf3 O-O 6. O-O Qe8 7. Nc3 Qg6 8.
Re1 d6 9. e4 Nxe4 10. Nxe4 fxe4 11. Rxe4 Nc6 12. Qe2 Bf6 13. Bh3 e5 14.
Bxc8 Raxc8 15. d5 Ne7 16. Bd2 Nf5 17. Bc3 Rf7 18. c5 dxc5 19. Bxe5 Re7 20.
Re1 Rce8 21. Qd1 Bxe5 22. Nxe5 Qd6 23. f4 Nh6 24. Qb3 Qb6 25. Qc4 Qd6 26.
Kg2 Nf7 27. Nxf7 Kxf7 28. Rxe7+ Rxe7 29. Rxe7+ Kxe7 30. Qe4+ Kf7 31. Kf3 g6
32. g4 Qf6 33. Qe5 Qb6 34. h4 Qd6 35. h5 gxh5 36. gxh5 b5 37. h6 Qxh6 38.
Qxc7+ Kg6 39. Qd6+ 1-0

[Event "38th Olympiad w"]
[Site "Dresden GER"]
[Date "2008.11.16"]
[Round "4"]
[White "Maroroa,S"]
[Black "Perez,En"]
[Result "0-1"]
[WhiteElo "1938"]
[BlackElo "2097"]
[EventDate "2008.11.13"]

1. e4 e5 2. Nf3 Nf6 3. Nxe5 d6 4. Nc4 Nxe4 5. Qe2 Qe7 6. Ne3 c6 7. g3 Nf6
8. Bg2 Be6 9. b3 g6 10. Bb2 Bg7 11. O-O O-O 12. d3 Qd7 13. Nd2 Re8 14. Rae1
Na6 15. f4 Bh3 16. Qf3 Bxg2 17. Kxg2 Nb4 18. Bxf6 Bxf6 19. Ne4 Bg7 20. f5
d5 21. Ng5 d4 22. fxg6 fxg6 23. Ng4 Rxe1 24. Rxe1 Nxc2 25. Re2 Rf8 26. Qe4
Nb4 27. Ne5 Qd5 28. Qxd5+ Nxd5 29. Nd7 Rd8 30. Nc5 Ne3+ 31. Kg1 Rd5 32.
Nge6 Re5 0-1

[Event "38th Olympiad w"]
[Site "Dresden GER"]
[Date "2008.11.16"]
[Round "4"]
[White "Melnik,G"]
[Black "Ramirez M.,E"]
[Result "1-0"]
[WhiteElo "2062"]
[BlackElo "2016"]
[EventDate "2008.11.13"]

1. d4 Nf6 2. Nf3 c5 3. d5 e6 4. c4 exd5 5. cxd5 d6 6. Nc3 g6 7. e4 Bg7 8.
Be2 O-O 9. Nd2 Re8 10. O-O Na6 11. Re1 Nc7 12. Qc2 a6 13. a4 Rb8 14. a5 Nd7
15. Nc4 Qe7 16. f4 Nb5 17. Nxb5 axb5 18. Nd2 c4 19. Ra3 Nc5 20. Bf1 f5 21.
e5 dxe5 22. fxe5 Bxe5 23. Nf3 Ne4 24. Nxe5 Qxe5 25. Be3 Rd8 26. b3 Qd6 27.
Raa1 cxb3 28. Qxb3 Qxd5 29. Qb4 Be6 30. Red1 Qxd1 31. Rxd1 Rxd1 32. Qxb5
Rbd8 33. Bh6 Bd5 34. Qb2 Kf7 35. Qc2 Bc6 36. g3 R8d5 37. Qb2 R5d4 38. Qb3+
Ke7 39. Qb6 Rd7 40. a6 Ra1 41. axb7 Bxb7 42. Qb4+ Kd8 43. Qf8+ Kc7 44. Bf4+
Kc6 45. Kg2 Ra2+ 46. Kh3 Nf2+ 47. Kh4 Ne4 48. h3 Ra4 49. g4 fxg4 50. hxg4
Kb6 51. Qe8 Bc6 52. Qb8+ Bb7 53. Be3+ Nc5 54. Qe5 Rd5 55. Qb2+ Kc7 56. Bg2
g5+ 57. Kh5 Rd6 58. Bxc5 Bxg2 59. Bxd6+ Kxd6 60. Qxg2 Ra5 61. Kh6 Re5 62.
Kxh7 Re7+ 63. Kg6 Re5 64. Qg3 Ke6 65. Qxe5+ Kxe5 66. Kxg5 Ke6 67. Kg6 Ke7
68. Kg7 Ke6 69. g5 1-0

[Event "38th Olympiad w"]
[Site "Dresden GER"]
[Date "2008.11.16"]
[Round "4"]
[White "Barrenechea,S"]
[Black "Zykina,N"]
[Result "1-0"]
[WhiteElo "1994"]
[BlackElo "2108"]
[EventDate "2008.11.13"]

1. d4 d6 2. c4 Nf6 3. Nc3 Nbd7 4. e4 e5 5. d5 h6 6. Be3 Be7 7. Be2 Nc5 8.
f3 Nh5 9. g3 Bg5 10. Bxc5 dxc5 11. f4 Nxf4 12. gxf4 Bxf4 13. Qd3 Qh4+ 14.
Kd1 Qf2 15. Nf3 Bh3 16. Kc2 Bg4 17. Nd1 Qg2 18. Rg1 Qh3 19. Nf2 Qh5 20.
Rxg4 g5 21. Rg2 O-O-O 22. Nxe5 1-0

[Event "38th Olympiad w"]
[Site "Dresden GER"]
[Date "2008.11.16"]
[Round "4"]
[White "Shabanaj,E"]
[Black "Saab,Dalia"]
[Result "1-0"]
[WhiteElo "2093"]
[BlackElo "2140"]
[EventDate "2008.11.13"]

1. d4 Nf6 2. Nf3 d5 3. c4 c6 4. cxd5 cxd5 5. Nc3 Nc6 6. a3 e6 7. Bg5 Be7 8.
e3 h6 9. Bh4 O-O 10. Bd3 a6 11. Rc1 Re8 12. O-O Nh7 13. Bg3 Bd6 14. Ne5
Nxe5 15. dxe5 Be7 16. Qh5 Rf8 17. Rfd1 Qe8 18. Bxh7+ Kxh7 19. e4 dxe4 20.
Nxe4 f5 21. Qxe8 Rxe8 22. Nd6 Rd8 23. Rc7 Bf8 24. h4 h5 25. Bf4 Rd7 26.
Rdc1 Rxc7 27. Rxc7 b5 28. Nxc8 Kg8 29. Nd6 Rb8 30. b4 Ra8 31. Be3 g6 32. f4
a5 33. Bc5 axb4 34. Bxb4 Bh6 35. g3 Bf8 36. Kf2 Rb8 37. Ke3 Rd8 38. Rb7
Bxd6 39. exd6 1-0

[Event "38th Olympiad w"]
[Site "Dresden GER"]
[Date "2008.11.16"]
[Round "4"]
[White "Mohammed Qane,J"]
[Black "Pasku,R"]
[Result "1/2-1/2"]
[WhiteElo "1913"]
[BlackElo "1883"]
[EventDate "2008.11.13"]

1. d4 Nf6 2. c4 g6 3. Nc3 d6 4. Nf3 Bg7 5. e4 Bg4 6. Be2 O-O 7. O-O Nbd7 8.
Be3 c6 9. Qb3 Qc7 10. Rac1 a6 11. h3 Bxf3 12. Bxf3 e5 13. dxe5 Nxe5 14. Be2
c5 15. Rfd1 Nc6 16. Qc2 Rfe8 17. Qb1 Rad8 18. Nd5 Nxd5 19. cxd5 Nb8 20. b4
b6 21. a4 Qe7 22. Bf3 Nd7 23. bxc5 bxc5 24. Qb7 Ra8 25. Bg4 Nf6 26. Qxe7
Rxe7 27. f3 h5 28. Bf4 Ne8 29. Bg5 Rc7 30. Bxh5 gxh5 31. Rb1 Bd4+ 32. Kf1
f6 33. Bh4 Raa7 34. Rb6 Rcb7 35. Rdb1 Rxb6 36. Rxb6 Kf7 37. Bf2 Bxf2 38.
Kxf2 Ke7 39. g4 Ng7 40. Kg3 Kd7 41. gxh5 Nxh5+ 42. Kg4 Ng7 43. h4 c4 44.
Rb1 c3 45. Rc1 Rc7 46. h5 Ne6 47. dxe6+ Kxe6 48. h6 Kf7 49. Kf4 Kg6 50. h7
Kxh7 51. Kf5 Kg7 52. Ke6 Rc4 53. Kxd6 Kg6 54. Kd5 Rc8 55. f4 Rd8+ 56. Kc4
Kh5 57. Rxc3 Kg4 58. e5 fxe5 59. fxe5 Kf5 60. Kb4 Kxe5 61. Ka5 Ra8 62. Kb6
a5 63. Kb7 Rd8 64. Rh3 Kd4 65. Rh5 1/2-1/2

[Event "38th Olympiad w"]
[Site "Dresden GER"]
[Date "2008.11.16"]
[Round "4"]
[White "Mouradian,S"]
[Black "Basem Hassan,M"]
[Result "0-1"]
[WhiteElo "1828"]
[BlackElo "1935"]
[EventDate "2008.11.13"]

1. e4 c5 2. c3 d5 3. exd5 Qxd5 4. d4 Nc6 5. Nf3 Bg4 6. Be2 cxd4 7. cxd4 e6
8. Nc3 Qa5 9. O-O Nf6 10. h3 Bh5 11. a3 Be7 12. b4 Bxb4 13. axb4 Qxa1 14.
Qb3 Bxf3 15. Be3 Qxf1+ 16. Bxf1 Bd5 17. Bc4 Bxc4 18. Qxc4 O-O 19. Bg5 Nd7
20. b5 Nb6 21. Qc5 Na5 22. Ne4 Rac8 23. Qa3 Nac4 24. Qg3 f5 25. Nc5 e5 26.
Ne6 Rf7 27. dxe5 Re8 28. Nxg7 Rxg7 29. Qh4 Nxe5 30. Kh2 Ng6 31. Qb4 Ne7 32.
Qb3+ Ned5 33. Bf6 Rg6 34. Bd4 Kf8 35. Bc5+ Kg7 36. Bd4+ Kh6 37. Qc2 f4 38.
Qf5 Reg8 39. h4 Rxg2+ 40. Kh3 R2g6 41. Bxb6 Nxb6 42. Qxf4+ Kg7 43. Qc7+ Kh8
44. Qxb7 R6g7 45. Qe4 Rc8 46. Qd4 Kg8 47. Qe5 Rf8 48. Qe6+ Rgf7 49. Qg4+
Kh8 50. Qd4+ Rf6 51. h5 h6 52. f4 Nc8 53. Kg3 Nd6 54. Qe5 Nf5+ 55. Kh3 Ng7
56. Kg4 Rxf4+ 57. Kg3 R4f5 58. Qd6 Nxh5+ 59. Kh4 Ng7 60. Qxh6+ Kg8 61. Qd6
Rxb5 62. Qc7 Rh5+ 63. Kg4 a5 64. Qc4+ Kh8 65. Qd4 Rhf5 66. Qd2 a4 67. Qh2+
Kg8 68. Qa2+ Kh8 69. Qxa4 Rf1 70. Qd4 Kg8 71. Qd5+ Kh7 72. Qd3+ Kg8 73.
Qd5+ R1f7 74. Qg5 Re8 75. Qg6 Re6 76. Qc2 Ref6 77. Qc8+ Rf8 78. Qc2 Rf4+
79. Kh3 R8f6 80. Qc8+ Kh7 81. Qc2+ R4f5 82. Qe4 Rg6 0-1

[Event "38th Olympiad w"]
[Site "Dresden GER"]
[Date "2008.11.16"]
[Round "4"]
[White "Munoz,Ca"]
[Black "Gonzalez,Yar"]
[Result "1-0"]
[WhiteElo "2026"]
[BlackElo "1912"]
[EventDate "2008.11.13"]

1. e4 e5 2. d4 exd4 3. Nf3 Nc6 4. Nxd4 Qf6 5. Be3 Bc5 6. c3 Nge7 7. Bc4 Ne5
8. Be2 O-O 9. O-O Bb6 10. Nd2 c5 11. N4b3 Qc6 12. f4 N5g6 13. Bf3 Qc7 14.
g3 a6 15. Nc4 Ba7 16. a4 b6 17. f5 Ne5 18. Nxe5 Qxe5 19. Bf4 Qf6 20. e5
Qxf5 21. Bxa8 a5 22. Rf2 Qe6 23. Qd6 Qxb3 24. Qxe7 b5 25. Be3 Qe6 26. Qxe6
dxe6 27. axb5 Bd7 28. Bc6 1-0

[Event "38th Olympiad w"]
[Site "Dresden GER"]
[Date "2008.11.16"]
[Round "4"]
[White "Sabure,O"]
[Black "Odinaeva,S"]
[Result "1-0"]
[WhiteElo "1641"]
[BlackElo "1765"]
[EventDate "2008.11.13"]

1. e4 e6 2. d4 d5 3. exd5 exd5 4. Nc3 Nf6 5. Bg5 Be7 6. Bd3 Nc6 7. Nge2 Bg4
8. f3 Be6 9. O-O h6 10. Bf4 a6 11. a3 O-O 12. b4 b5 13. Na2 Nh5 14. Be3 Bd6
15. Qd2 Qf6 16. Rf2 g5 17. f4 gxf4 18. Nxf4 Nxf4 19. Bxf4 Bxf4 20. Rxf4 Qg5
21. h4 Qg7 22. Qf2 h5 23. Bf5 Rae8 24. Re1 Bxf5 25. Rxe8 Rxe8 26. Rxf5 Qxd4
27. Qxd4 Nxd4 28. Rxd5 Ne2+ 29. Kf2 Nf4 30. Rg5+ Kh7 31. Nc3 Ne6 32. Rxh5+
Kg6 33. Rd5 Rh8 34. g3 f5 35. Kf3 c6 36. Rd6 Kf7 37. Ne2 Rc8 38. Nf4 Ng7
39. h5 Ne8 40. Rd7+ Kg8 41. h6 Rc7 42. h7+ 1-0

[Event "38th Olympiad w"]
[Site "Dresden GER"]
[Date "2008.11.16"]
[Round "4"]
[White "Nakagawa,E"]
[Black "Elfelo,K"]
[Result "1/2-1/2"]
[WhiteElo "1860"]
[BlackElo "1875"]
[EventDate "2008.11.13"]

1. d4 d5 2. c4 dxc4 3. e3 Nf6 4. Bxc4 Nc6 5. Nc3 Bf5 6. Nf3 e6 7. O-O Bd6
8. b3 O-O 9. Bb2 Re8 10. Rc1 Qd7 11. Nb5 a6 12. Nxd6 Qxd6 13. Bd3 Bxd3 14.
Qxd3 Nb4 15. Qb1 Rac8 16. h3 c5 17. Rfd1 cxd4 18. Nxd4 Qb6 19. Nf3 Qa5 20.
a3 Nbd5 21. Rd4 Qb5 22. Nd2 Rxc1+ 23. Qxc1 Qc6 24. Rc4 Qd7 25. Nf3 Nb6 26.
Rc7 Qd5 27. Ne5 Rf8 28. b4 Nfd7 29. Nxd7 Nxd7 30. Qc3 f6 31. Qd4 Qxd4 32.
Bxd4 Nb8 33. Rxb7 e5 34. Bc5 Rd8 35. Kf1 h5 36. Ke2 Kh7 37. Be7 Re8 38.
Bxf6 Kg6 39. Bxe5 Rxe5 40. Rxb8 Kf5 41. Rc8 a5 42. Rc5 Rxc5 43. bxc5 Ke5
44. Kd3 Kd5 45. c6 Kxc6 46. Kc4 Kb6 47. f4 g6 48. e4 Kc6 49. a4 Kd6 50. Kb5
Ke6 51. g3 Kf6 52. Kxa5 1/2-1/2